| 000 | 00669nam a2200193 u 4500 | ||
|---|---|---|---|
| 001 | 000020339 | ||
| 005 | 20250203093855.0 | ||
| 008 | 100813s2015 dr 000 0 spa d | ||
| 020 | _a9789945492460 | ||
| 040 |
_aDO-SdBNP _bspa _cBNPHU |
||
| 082 |
_axxxxxxxx _bxxxxxxxx |
||
| 100 | 1 |
_aMerejo, Andrés _9469 |
|
| 245 | 1 | 0 |
_aLa era del cibermundo / _cAndrés Merejo. |
| 260 |
_aSanto Domingo : _bNacional, _c2015. |
||
| 300 |
_a199 p. ; _c23 cm. |
||
| 500 | _aIncluye datos biográficos del autor en la solapa de la cubierta | ||
| 504 | _aBibliografías : p. 185-199 | ||
| 586 | _aPremio Nacional de Ensayo Pedro Henríquez Ureña ( modalidad ensayo científico , 2014 ) | ||
| 999 |
_c19843 _d19843 |
||